The golden book of Hinduism : (Record no. 37889)

MARC details
000 -LEADER
fixed length control field 01044nam a22002657a 4500
005 - DATE AND TIME OF LATEST TRANSACTION
control field 20100727120525.0
010 ## - LCCN (DPL NO)
LC control number ENG-96904
020 ## - INTERNATIONAL STANDARD BOOK NUMBER
International Standard Book Number 8183821944
Terms of availability 250.00
020 ## - INTERNATIONAL STANDARD BOOK NUMBER
International Standard Book Number 9788183821940
Terms of availability 250.00
035 ## - SYSTEM CONTROL NUMBER
System control number EN-80437
037 ## - SOURCE OF ACQUISITION
Source of stock number/acquisition DBAD/PUB
082 ## - DEWEY DECIMAL CLASSIFICATION NUMBER
Classification number 230
100 ## - MAIN ENTRY--PERSONAL NAME
Personal name Farquhar, J.N.
245 ## - TITLE STATEMENT
Title The golden book of Hinduism :
Remainder of title a multi-idea and multi-layered religio - cultural family /
Statement of responsibility, etc by J.N. Farquhar; translated by R.T.H. Griffith, F. Max Muller [and] Edwin Arnold
260 ## - PUBLICATION, DISTRIBUTION, ETC. (IMPRINT)
Place of publication, distribution, etc New Delhi
Name of publisher, distributor, etc Lotus Press
Date of publication, distribution, etc 2009
270 ## - ADDRESS
Address 4263/3, Ansari Road, Darya Ganj,
City New Delhi
Postal code 110002
300 ## - PHYSICAL DESCRIPTION
Extent ix, 301p.:
Dimensions 21cm, ( pbk)
Accompanying material b&w photos
490 ## - SERIES STATEMENT
Series statement India bookvarsity lotus choices ; edited by Mahendra Kulasrestha
-- 1896
700 ## - ADDED ENTRY--PERSONAL NAME
9 (RLIN) 1876
Personal name Griffith, R.T.H.
700 ## - ADDED ENTRY--PERSONAL NAME
Personal name Muller, F. Max
9 (RLIN) 1889
700 ## - ADDED ENTRY--PERSONAL NAME
Personal name Arnold, Edwin
9 (RLIN) 1890
710 ## - ADDED ENTRY--CORPORATE NAME
9 (RLIN) 1880
942 ## - ADDED ENTRY ELEMENTS (KOHA)
Source of classification or shelving scheme Dewey Decimal Classification
Item type English Books
Classification part 230
Call number suffix FAR
Holdings
Withdrawn status Lost status Not for loan Collection code Home library Current library Date acquired Source of acquisition Cost, normal purchase price Full call number Barcode Copy number Cost, replacement price Koha item type
    Not For Loan Non-fiction D.B.Act.Division D.B.Act.Division 27/07/2010 DBAD/PUB 250.00 230 FAR EN-80437 1 250.00 English Books

© Delhi Public Library
Hit Counter
free hit counter